000 00573nam a2200181Ia 4500
005 20260601193226.0
008 260601s9999||||xx |||||||||||||| ||und||
020 _a978-981-99-9331-4
_qebk
100 _aHaomiao Yang
245 0 _aFrontiers in Cyber Security
250 _a1st ed. 2024
260 _aHeidelberg, Germany
_bSpringer Nature
_c2024
440 _aCommunications in Computer and Information Science
650 _aComputer Science
700 _aRongxing Lu
856 _uhttps://link.springer.com/openurl?genre=book&isbn=978-981-99-9331-4
942 _cEB
_2ddc
999 _c55942
_d55942